书目信息 |
| 题名: |
南开大学博物馆藏品图录
|
|
| 作者: | 刘毅 主编 ;南开大学博物馆 编著 | |
| 分册: | ||
| 出版信息: | 北京 科学出版社 2017 |
|
| 页数: | 210页 | |
| 开本: | 29cm | |
| 丛书名: | ||
| 单 册: | ||
| 中图分类: | K870.2 , K874.02 , K870 | |
| 科图分类: | ||
| 主题词: | ||
| 电子资源: | ||
| ISBN: | 978-7-03-056191-6 | |
| 000 | 00993nam0 2200277 450 | |
| 001 | 2045288667 | |
| 005 | 20201203123509.05 | |
| 010 | @a978-7-03-056191-6@dCNY208.00 | |
| 100 | @a20180710d2017 em y0chiy50 ea | |
| 101 | 0 | @achi |
| 102 | @aCN@b110000 | |
| 105 | @aa z 000yy | |
| 200 | 1 | @a南开大学博物馆藏品图录@9nan kai da xue bo wu guan cang pin tu lu@b专著@e西南联大时期民族调查文书卷@f南开大学博物馆编著 |
| 210 | @a北京@c科学出版社@d2017 | |
| 215 | @a210页@d29cm | |
| 314 | @a主编:刘毅 | |
| 330 | @a本书收录了南开大学博物馆馆藏的西南联大时期民族调查文物,内容分为图版与专论两部分,图版部分共收录文书167件(组),专论部分收录相关研究文章2篇。 | |
| 601 | 02 | @a南开大学@x博物馆@x文物@j图录 |
| 601 | 02 | @a西南联合大学@x民族调查@x文物@j图录 |
| 690 | @aK870.2@v5 | |
| 690 | @aK874.02@v5 | |
| 690 | @aK870@v4 | |
| 701 | 0 | @a刘毅@9liu yi@f(1964~)@4主编 |
| 712 | 02 | @a南开大学博物馆@9nan kai da xue bo wu guan@4编著 |
| 801 | 2 | @aCN@b58marc.cn@c20190519 |
| 905 | @aZUCC@dK870@e1 | |
| 南开大学博物馆藏品图录:西南联大时期民族调查文书卷/南开大学博物馆编著.-北京:科学出版社,2017 |
| 210页;29cm |
| ISBN 978-7-03-056191-6:CNY208.00 |
| 本书收录了南开大学博物馆馆藏的西南联大时期民族调查文物,内容分为图版与专论两部分,图版部分共收录文书167件(组),专论部分收录相关研究文章2篇。 |
| ● |
| 相关链接 |
|
|
|
正题名:南开大学博物馆藏品图录
索取号:K870/1
 
预约/预借
| 序号 | 登录号 | 条形码 | 馆藏地/架位号 | 状态 | 备注 |
| 1 | 2000875268 | 2000875268 | 第二书库/ [索取号:K870/1] | 在馆 | |
| 2 | 2000875269 | 2000875269 | 第二书库/ [索取号:K870/1] | 在馆 | |
| 3 | 2000875270 | 2000875270 | 第二书库/ [索取号:K870/1] | 在馆 |